000 00386nam a2200145Ia 4500
008 231129s1997||||xx |||||||||||||| ||spa||
020 _a968-24-2590-5
040 _bspa
082 _a371.9 รณ83p
100 _aOsman Betty B.
245 0 _aProblemas de aprendizaje: Un asunto familiar
260 _c1997
264 _aTrillas
942 _2ddc
_cBKS
999 _c23255
_d23255